000 nam a22 7a 4500
999 _c7565
_d7565
008 170921b xxu||||| |||| 00| 0 eng d
020 _a9788183414807
100 _aRohan Book Company
_94081
245 _aTell me What
260 _aNew Delhi
_bRohan Book Company